Enhypen Sweet Venom (English Ver.) Lyrics - Statistics

General Stats
  • This quiz has been taken 165 times
  • The average score is 148 of 205
Answer Stats
Answers % Correct
I
98%
You
98%
Your
96%
Sweet
95%
Venom
95%
venom
95%
Poison
87%
In
83%
Taste
82%
Is
81%
Need
81%
Of
81%
Feeling
80%
Me
80%
My
78%
All
77%
So
77%
To
77%
Hey
75%
Up
74%
Kinda
73%
Strange
73%
Blood
72%
Get
71%
Room
71%
Some
71%
Veins
71%
Yeah
70%
On
69%
Another
68%
Give
66%
Love
66%
See
65%
Somethin
65%
Could
61%
If
61%
Spinning
61%
The
61%
You're
61%
Be
60%
Nervous
60%
Make
59%
Face
58%
Die
57%
With
57%
Heaven
56%
Wishing
56%
Never
55%
Same
55%
When
55%
Had
54%
I'm
54%
Now
54%
Games
53%
Paradise
52%
Would
51%
Alive
49%
It
49%
Just
49%
Drunk
47%
I'll
47%
Go
46%
Want
44%
Heart
42%
It's
41%
Tongue
41%
And
40%
Ripped
38%
Clothes
37%
Paralyzed
37%
Still
37%
Broken
35%
Let
35%
Touch
34%
Are
33%
Hands
33%
Shaking
33%
Ya
33%
Chemical
31%
Kills
31%
Torture
30%
Woah
26%
Ooh
14%
No matching quizzes found
Score Distribution
Percent of People with Each Score
Percentile by Number Answered
Your Score History
You have not taken this quiz